000 00569nam a22001937a 4500
005 20251108165348.0
008 250721s1994 xx 000 0 ara d
082 1 4 _a217.564/خمي
100 1 _aالخميس، محمد بن عبد الرحمن
245 1 0 _aبيان الشرك و وسائله عند الحنابلة /
264 1 _aالشارقة :
_bدار الفتح،
_c1994.
300 _a63ص
650 1 7 _aالشرك
650 1 7 _aالكفر
650 1 7 _aالمذهب الحنبلي
650 1 7 _aالإسلام
942 _2ddc
_cBK
999 _c26050
_d26050